Journal of law and health

Detalles Bibliográficos
Autores Corporativos: Cleveland-Marshall College of Law, Gale Group
Formato: Desconocido
Lenguaje:inglés
Publicado: Cleveland, Ohio : Cygnus Business Media
Materias:
Acceso en línea:Acceso restringido

MARC

LEADER 00000ny a22000003n 4500
005 20110511120941.0
006 sfr p s g 0 a0
007 cr cnu---m|a|a
008 091218s us 000 0 eng d
022 |a 1044-6419 
022 |a 1948-5689 
035 |a 2919 
040 |a SpMaUCDE  |d vLex 
080 |a (05)(086)34:61(73) 
090 |c 1643  |d 1643 
245 0 0 |a Journal of law and health  |h [Recurso electrn̤ico] 
256 |a Servicio en ln̕ea 
260 |a Cleveland, Ohio :  |b Cygnus Business Media 
310 |a Semestral 
500 |a Tt̕ulo tomado de la cubierta 
506 1 |a Contenido solo disponible en los productos indicados  |d vLex Global  |d vLex Global (Academic Edition, excluding Law Schools)  |d vLex Global (Academic Edition, Law Schools) 
650 0 4 |a Medicina  |x Derecho  |z Estados Unidos  |x Publicaciones perid̤icas 
650 0 4 |a Health 
650 0 4 |a Health & Law 
650 0 4 |a Health and Medicine 
710 2 |a Cleveland-Marshall College of Law 
710 2 |a Gale Group 
740 0 |a vLex Revista (Servicios en ln̕ea) 
843 |a Electrn̤ica. Abierta 
853 |8 1  |i (year)  |j (month)  |k (day) 
856 4 0 |u http://vlex.com/source/2919  |z Acceso restringido 
942 |c REV 
999 0 4 |a Medicina-  |z Estados Unidos-  |v En ln̕ea 
999 0 4 |a Medicina-  |z Estados Unidos-  |v En ln̕ea